000 00287nam a22001337a 4500
008 170918b xxu||||| |||| 00| 0 eng d
020 _a9781401837402
041 _aeng
080 _a7
100 _a44
101 _aART
245 _aCONTEMPORARY COLOR
_cBLEICHER, S
942 _2udc
_cBK
999 _c28006
_d28006